| 000 | 00582cam a2200169 a 4500 | ||
|---|---|---|---|
| 020 | _a0948724153 : | ||
| 082 | 0 | 0 |
_a954.91 _bCHI _cL-30-II, P-185 |
| 100 | 1 |
_aChishti, Faiz Ali, _949071 |
|
| 245 | 1 | 0 |
_aBetrayals of another kind : _bIslam, democracy, and the army in Pakistan / _cFaiz Ali Chichti. |
| 260 |
_aCincinnati : _bAsia Pub. House, _c1990, c1989. |
||
| 300 |
_axvi, 251 p., [16] p. of plates : _bill., maps ; _c23 cm. |
||
| 500 | _aIncludes index. | ||
| 500 | _aMaps on lining papers. | ||
| 526 |
_a0 _b0 _c0 _d954_910000000000000_CHI |
||
| 650 |
_aMCE _9379 |
||
| 942 |
_2ddc _cBK |
||
| 999 |
_c551907 _d551907 |
||